000 00672nam a2200133Ia 4500
008 220620s9999||||xx |||||||||||||| ||und||
020 _a9782890000000
245 0 _aActive Learning: Theoretical Perspectives, Empirical Studies and Design Profiles
546 _aEnglish[eng]
650 _aResearch-Practice Partnership||Pedagogical innovation||Evidence-based teaching||Active Learning||design-based research||learning sciences
700 _aCassidy, Robert||Charles, Elizabeth S.||Slotta, James D.||Lasry, Nathaniel
856 _uhttps://www.frontiersin.org/research-topics/5406/active-learning-theoretical-perspectives-empirical-studies-and-design-profiles
942 _cEB
999 _c24035
_d24035